header

Human fertility (Record no. 25298)

MARC details
000 -LEADER
fixed length control field 01542nam a2200349Ia 4500
245 00 - TITLE STATEMENT
Title Human fertility
260 ## - PUBLICATION, DISTRIBUTION, ETC. (IMPRINT)
Place of publication Milwaukee, Wis. :
Name of publisher Marquette University Press,
Year of publication c2008.
300 ## - PHYSICAL DESCRIPTION
Number of Pages 224 p. :
Other physical details ill.
490 1# - SERIES STATEMENT
Series statement Marquette studies in theology ;
650 #0 - SUBJECT ADDED ENTRY--TOPICAL TERM
Topical Term Birth control
Topical Term Birth control
Topical Term Fertility, Human
700 1# - ADDED ENTRY--PERSONAL NAME
Personal name Fehring, Richard J.,
Personal name Notare, Theresa,
856 40 - ELECTRONIC LOCATION AND ACCESS
Uniform Resource Identifier http://site.ebrary.com/lib/rucke/Doc?id=10223835

No items available.

© 2026 Rongo University
Contact us: librarian | system librarian | Rongo university